On This Day: August 13th Quiz Stats

 Plays Quiz Updated Aug 13, 2017

Support Sporcle.
Go Orange.
Score 0/7 Timer 03:00
0 Plays Today
Question Answer Wrong Answers
Construction begins on this, which eventually will physically and ideologically divide the city of Berlin.
1961
Berlin Wall
93.6%
Hadrian's Wall
0.5%
Western Wall
0.9%
Berlin Barricade
0.9%
This English-American director and producer, sometimes called the 'Master of Suspense’, is born.
1899
Alfred Hitchcock
92%
Stanley Kubrick
2%
Orson Welles
2.5%
Anthony Perkins
0.8%
This luxury vehicle manufacturer is established as a public company in Germany.
1918
BMW
87.9%
Lamborghini
2.4%
Ferrari
1.9%
Volvo
4.5%
Spanish and American forces engage in a mock battle for this city. Spain ultimately surrenders to keep the city from Filipino revolutionaries.
1898
Manila
85.2%
Jakarta
5.3%
Bangkok
3%
Kuala Lumpur
4.4%
This king is formally arrested in France, and is declared an enemy of the people.
1792
Louis XVI
82.9%
Napoleon Bonaparte
11.5%
Maximilien Robespierre
3.5%
Charles X
2%
The Apollo ______ astronauts are released from a 3-week quarantine to enjoy a ticker tape parade in New York City.
1969
11
60.9%
10
2.9%
13
30.9%
15
0.9%
Women enlist in the US ______ Corps for the first time. Opha May Johnson is the first woman to enlist.
1918
Marine
54.6%
Peace
23.3%
Air
16.9%
Guard
1.4%

You're not logged in!

Compare scores with friends on all Sporcle quizzes.
OR
Log In
Forgot?

From the Vault

Cities in Movie Titles on a Map

by JoeBeta

Movies 5m
Your favorite movies just got geographied.
Remove Ads.
Support Sporcle.
Get the best of Sporcle when you Go Orange. This ad-free experience offers more features, more stats, and more fun while also helping to support Sporcle. Thank you for becoming a member.

Show Comments

Extras

Top Quizzes Today


Score Distribution

Your Account Isn't Verified!

In order to create a playlist on Sporcle, you need to verify the email address you used during registration. Go to your Sporcle Settings to finish the process.

Report this User

Report this user for behavior that violates our Community Guidelines.

Details: